Fungi bio-prospects in sustainable agriculture, environment and nano-technology. Vol. 1: Fungal diversity of sustainable agriculture (Record no. 74670)

MARC details
000 -LEADER
fixed length control field 00619nam a22001337a 4500
020 ## - INTERNATIONAL STANDARD BOOK NUMBER
ISBN 978-0-12-821394-0
082 ## - DEWEY DECIMAL CLASSIFICATION NUMBER
Classification number 582.28:631S
Item number SHA
100 ## - MAIN ENTRY--AUTHOR NAME
Personal name SHARMA (Vijayakumar). et al.Ed.
245 ## - TITLE STATEMENT
Title Fungi bio-prospects in sustainable agriculture, environment and nano-technology. Vol. 1: Fungal diversity of sustainable agriculture
260 ## - PUBLICATION, DISTRIBUTION, ETC. (IMPRINT)
Place of publication UK
Name of publisher Elsevier
Year of publication 2021
300 ## - PHYSICAL DESCRIPTION
Number of Pages 537p.
650 ## - SUBJECT ADDED ENTRY--TOPICAL TERM
Topical Term Endophytic fungi
-- Biodiversity
-- Fungal endophytes
-- Abiotic stress tolerance
-- Phytopathogenic fungi
-- Fungal inoculants
-- Sustainable agriculture
-- Arbuscular mycorrhizal fungi
-- Phytostimulation
-- Nanotechnology
942 ## - ADDED ENTRY ELEMENTS (KOHA)
Koha item type Books
Holdings
Withdrawn status Lost status Damaged status Not for loan Home library Current library Date acquired Source of acquisition Cost, normal purchase price Full call number Accession Number Koha item type
        RRII Library RRII Library 20/04/2022 Purchased from M/s. Capital Books, Delhi Inv No 17/22-23 dtd 8.4.22 for Rs 68,942.00 for 10 books ( $175 for this book) 13262.00 582.28:631S SHA 23531 Books